[Event "Piestany Slovakia op-B"]
[Site "Piestany"]
[Date "2024.07.10"]
[Round "2"]
[White "Benkovsky, Peter"]
[Black "Prochazka, Martin"]
[Result "1-0"]
[WhiteElo "1712"]
[BlackElo "1122"]
[PlyCount "76"]
[EventDate "2024.07.09"]
[EventType "swiss"]
[EventRounds "9"]
[EventCountry "SVK"]
[SourceTitle "EXT 2025"]
[Source "ChessBase"]
[SourceDate "2024.10.14"]
[SourceVersion "1"]
[SourceVersionDate "2024.10.14"]
[SourceQuality "1"]

1. d4 d5 2. c4 e6 3. Nc3 Nf6 4. e3 Be7 5. Nf3 0-0 6. Bd3 Nbd7 7. 0-0 c5 8. cxd5 exd5 9. dxc5 Nxc5 10. Nd4 Nxd3 11. Qxd3 Qc7 12. Rd1 b6 13. a3 a5 14. Qb5 Qd8 15. Nc6 Ba6 16. Nxe7+ Qxe7 17. Qxb6 Bb7 18. Bd2 Ra6 19. Qd4 Qd7 20. Na4 Qb5 21. Nc5 Rb6 22. Nxb7 Rxb7 23. Bc3 Rc8 24. Qd3 Rc4 25. f3 Rb8 26. Bxf6 gxf6 27. Qxd5 Qxd5 28. Rxd5 Rxb2 29. Rxa5 Rcc2 30. Rh5 Rxg2+ 31. Kh1 Rgf2 32. Rh3 Rbe2 33. e4 Re3 34. a4 Rexf3 35. Rxf3 Rxf3 36. a5 Rb3 37. a6 Rb8 38. Rg1+ Kf8 1-0

[Event "SVK-chT2A 2324"]
[Site "Slovakia"]
[Date "2024.03.16"]
[Round "10.8"]
[White "Benkovsky, Peter"]
[Black "Banas, Samuel"]
[Result "1/2-1/2"]
[WhiteElo "1716"]
[BlackElo "1733"]
[PlyCount "53"]
[EventDate "2023.10.07"]
[EventType "team-tourn"]
[EventRounds "11"]
[EventCountry "SVK"]
[SourceTitle "EXT 2025"]
[Source "ChessBase"]
[SourceDate "2024.10.14"]
[SourceVersion "1"]
[SourceVersionDate "2024.10.14"]
[SourceQuality "1"]
[WhiteTeam "Trnava Lokomotiva"]
[BlackTeam "Modra II"]
[WhiteTeamCountry "SVK"]
[BlackTeamCountry "SVK"]

1. d4 d5 2. c4 e6 3. Nc3 Nf6 4. e3 Be7 5. Nf3 c6 6. a3 a5 7. Bd2 Nbd7 8. Qb3 b6 9. Rc1 Rb8 10. cxd5 cxd5 11. Bb5 0-0 12. 0-0 Bb7 13. Bd3 Rc8 14. Nb5 Ne4 15. Rxc8 Qxc8 16. Bxe4 dxe4 17. Rc1 Qb8 18. Ne1 Rc8 19. Rxc8+ Qxc8 20. Qc3 Qc6 21. Qxc6 Bxc6 22. Nc3 f5 23. f3 Nf6 24. Kf2 g5 25. h3 h5 26. g3 Kg7 27. f4 1/2-1/2

[Event "SVK-chT2A 2223"]
[Site "Slovakia"]
[Date "2023.03.26"]
[Round "11.5"]
[White "Benkovsky, Peter"]
[Black "Gettler, Daniel"]
[Result "0-1"]
[WhiteElo "1590"]
[BlackElo "1970"]
[PlyCount "67"]
[EventDate "2022.10.08"]
[EventType "team-tourn"]
[EventRounds "11"]
[EventCountry "SVK"]
[SourceTitle "EXT 2024"]
[Source "ChessBase"]
[SourceDate "2023.10.10"]
[SourceVersion "1"]
[SourceVersionDate "2023.10.10"]
[SourceQuality "1"]
[WhiteTeam "Trnava Lokomotiva"]
[BlackTeam "Krasnany"]
[WhiteTeamCountry "SVK"]
[BlackTeamCountry "SVK"]

1. d4 f5 2. g3 Nf6 3. Bg2 g6 4. b3 Bg7 5. Bb2 0-0 6. Nd2 d6 7. e3 Qe8 8. Ne2 e5 9. 0-0 e4 10. c4 c6 11. Rc1 Be6 12. Ba3 Qe7 13. c5 d5 14. Nb1 Nbd7 15. Qd2 Rae8 16. Bb2 h6 17. Nbc3 Kh7 18. Nf4 Bf7 19. h3 g5 20. Nfe2 Bh5 21. Rce1 Rf7 22. b4 a6 23. Bc1 Bf3 24. Kh1 Nh5 25. Ng1 Bxg2+ 26. Kxg2 f4 27. exf4 gxf4 28. g4 f3+ 29. Kh2 Nf4 30. Nxf3 Nxh3 31. Ng1 Nf4 32. Re3 Qh4+ 33. Nh3 Nf6 34. Rg3 0-1

[Event "SVK-chT5 A22 2223"]
[Site "Slovakia"]
[Date "2022.12.17"]
[Round "4.3"]
[White "Machovicova, Alexandra"]
[Black "Benkovsky, Peter"]
[Result "0-1"]
[WhiteElo "1184"]
[BlackElo "1590"]
[PlyCount "74"]
[EventDate "2022.10.15"]
[EventType "team-tourn"]
[EventRounds "9"]
[EventCountry "SVK"]
[SourceTitle "EXT 2024"]
[Source "ChessBase"]
[SourceDate "2023.10.10"]
[SourceVersion "1"]
[SourceVersionDate "2023.10.10"]
[SourceQuality "1"]
[WhiteTeam "Modranka Komplet Juniors II"]
[BlackTeam "Trnava Lokomotiva III"]
[WhiteTeamCountry "SVK"]
[BlackTeamCountry "SVK"]

1. d4 Nf6 2. Nf3 d5 3. Nc3 g6 4. Bg5 Bg7 5. Bxf6 Bxf6 6. e3 c6 7. Bd3 0-0 8. 0-0 Re8 9. h3 e5 10. Re1 e4 11. Bxe4 dxe4 12. Nd2 Be6 13. Ndxe4 Bf5 14. Nxf6+ Qxf6 15. Qd2 Nd7 16. b3 Rad8 17. Rac1 Nc5 18. Rb1 Ne4 19. Nxe4 Bxe4 20. f3 Bf5 21. Rbc1 Qd6 22. Qf2 Be6 23. Kf1 f5 24. Red1 b5 25. f4 a6 26. Rd2 c5 27. Rcd1 cxd4 28. exd4 Bd5 29. g3 Re4 30. Kg1 Rc8 31. h4 Rc3 32. Rd3 Qb4 33. Rxc3 Qxc3 34. Qd2 Qxg3+ 35. Kf1 Rxf4+ 36. Ke2 Qf3+ 37. Ke1 Qf1# 0-1

[Event "SVK-chT2A 2223"]
[Site "Slovakia"]
[Date "2022.11.26"]
[Round "5.6"]
[White "Benkovsky, Peter"]
[Black "Manak, Jozef"]
[Result "0-1"]
[WhiteElo "1581"]
[BlackElo "1927"]
[PlyCount "48"]
[EventDate "2022.10.08"]
[EventType "team-tourn"]
[EventRounds "11"]
[EventCountry "SVK"]
[SourceTitle "EXT 2024"]
[Source "ChessBase"]
[SourceDate "2023.10.10"]
[SourceVersion "1"]
[SourceVersionDate "2023.10.10"]
[SourceQuality "1"]
[WhiteTeam "Trnava Lokomotiva"]
[BlackTeam "Piestany Kupele"]
[WhiteTeamCountry "SVK"]
[BlackTeamCountry "SVK"]

1. d4 d5 2. Nf3 Nf6 3. c4 e6 4. Nc3 Be7 5. e3 0-0 6. Bd3 b6 7. 0-0 Bb7 8. b3 Nbd7 9. Re1 Ne4 10. Qc2 f5 11. cxd5 exd5 12. Ne2 Bd6 13. Bb2 Qf6 14. g3 Rae8 15. Nf4 g5 16. Ng2 Re7 17. Re2 Qg6 18. Nd2 Qh5 19. Nf1 Rf6 20. Bxe4 fxe4 21. Rae1 Qh3 22. Rd1 Ba6 23. Red2 Bxf1 24. Rxf1 Rh6 0-1

[Event "Piestany Slovakia op-B"]
[Site "Piestany"]
[Date "2022.07.18"]
[Round "9"]
[White "Sevcik, Ondrej"]
[Black "Benkovsky, Peter"]
[Result "0-1"]
[WhiteElo "1042"]
[BlackElo "1603"]
[PlyCount "68"]
[EventDate "2022.07.11"]
[EventType "swiss"]
[EventRounds "9"]
[EventCountry "SVK"]
[SourceTitle "CBM 209 Extra"]
[Source "ChessBase"]
[SourceDate "2022.09.30"]
[SourceVersion "1"]
[SourceVersionDate "2022.09.30"]
[SourceQuality "1"]

1. e4 e6 2. d4 d5 3. exd5 exd5 4. Bd3 Bd6 5. h3 Nf6 6. Bg5 h6 7. Bh4 g5 8. Bg3 Bxg3 9. fxg3 Qd6 10. Qe2+ Be6 11. Qf3 Nbd7 12. Nd2 Qb4 13. 0-0-0 Qxd4 14. Nb3 Qb6 15. Ne2 0-0-0 16. Rhe1 Rhf8 17. g4 c5 18. Bf5 Qc7 19. Bxe6 fxe6 20. Nc3 Ne4 21. Qe3 Nxc3 22. Qxc3 d4 23. Qc4 e5 24. Qe6 Rf6 25. Qc4 a6 26. Rf1 Rdf8 27. Nd2 Qc6 28. Nf3 e4 29. Nd2 Rxf1 30. Rxf1 Rxf1+ 31. Qxf1 Qf6 32. Qe2 e3 33. Ne4 Qf4 34. Qd3 e2+ 0-1

[Event "Piestany Slovakia op-B"]
[Site "Piestany"]
[Date "2022.07.17"]
[Round "8"]
[White "Benkovsky, Peter"]
[Black "Nedoba, Jakub"]
[Result "1-0"]
[WhiteElo "1603"]
[BlackElo "1182"]
[PlyCount "49"]
[EventDate "2022.07.11"]
[EventType "swiss"]
[EventRounds "9"]
[EventCountry "SVK"]
[SourceTitle "CBM 209 Extra"]
[Source "ChessBase"]
[SourceDate "2022.09.30"]
[SourceVersion "1"]
[SourceVersionDate "2022.09.30"]
[SourceQuality "1"]

1. d4 d5 2. c4 e6 3. Nc3 Bb4 4. e3 Nf6 5. Bd2 c6 6. Nf3 b6 7. cxd5 cxd5 8. Qa4+ Nbd7 9. Qxb4 Bb7 10. Bb5 Rc8 11. Ne5 h5 12. 0-0 h4 13. h3 Qc7 14. Rac1 Qb8 15. Nxd7 Nxd7 16. Bxd7+ Kxd7 17. a4 g5 18. f3 f5 19. Na2 Rcg8 20. Qb5+ Kd8 21. Nb4 Ke7 22. Nc6+ Bxc6 23. Qxc6 Kf6 24. Qc7 Qa8 25. Qe5+ 1-0

[Event "Piestany Slovakia op-B"]
[Site "Piestany"]
[Date "2022.07.16"]
[Round "7"]
[White "Hlavac, Tomas"]
[Black "Benkovsky, Peter"]
[Result "1-0"]
[WhiteElo "1439"]
[BlackElo "1603"]
[PlyCount "95"]
[EventDate "2022.07.11"]
[EventType "swiss"]
[EventRounds "9"]
[EventCountry "SVK"]
[SourceTitle "CBM 209 Extra"]
[Source "ChessBase"]
[SourceDate "2022.09.30"]
[SourceVersion "1"]
[SourceVersionDate "2022.09.30"]
[SourceQuality "1"]

1. e4 e6 2. d4 d5 3. e5 c5 4. c3 Nc6 5. Nf3 cxd4 6. cxd4 h6 7. Be2 Bb4+ 8. Nc3 Nge7 9. a3 Bxc3+ 10. bxc3 0-0 11. 0-0 a6 12. a4 Bd7 13. Ba3 Re8 14. Bd3 Na5 15. Bb4 Nec6 16. Bd6 Ne7 17. Nd2 Nc8 18. Bc5 Bc6 19. f4 Bd7 20. g4 b6 21. Ba3 Ne7 22. Bxe7 Qxe7 23. f5 f6 24. Nf3 Nc4 25. exf6 gxf6 26. Bxc4 dxc4 27. Nh4 exf5 28. Nxf5 Bxf5 29. gxf5 Qe3+ 30. Kh1 Ra7 31. Rg1+ Rg7 32. Rxg7+ Kxg7 33. Qg4+ Qg5 34. Qf3 Qe3 35. Rg1+ Kh7 36. Qg2 Qe4 37. Qxe4 Rxe4 38. d5 Re5 39. Rd1 Re7 40. Kg2 b5 41. a5 h5 42. h4 Kg8 43. Kf3 Kf7 44. d6 Rd7 45. Ke4 Ke8 46. Kd5 Rg7 47. Ke6 Rf7 48. d7+ 1-0

[Event "Piestany Slovakia op-B"]
[Site "Piestany"]
[Date "2022.07.14"]
[Round "5"]
[White "Durik, Martin"]
[Black "Benkovsky, Peter"]
[Result "1/2-1/2"]
[WhiteElo "1308"]
[BlackElo "1603"]
[PlyCount "51"]
[EventDate "2022.07.11"]
[EventType "swiss"]
[EventRounds "9"]
[EventCountry "SVK"]
[SourceTitle "CBM 209 Extra"]
[Source "ChessBase"]
[SourceDate "2022.09.30"]
[SourceVersion "1"]
[SourceVersionDate "2022.09.30"]
[SourceQuality "1"]

1. e4 e6 2. d4 d5 3. e5 c5 4. c3 Nc6 5. Nf3 cxd4 6. cxd4 Bb4+ 7. Nc3 Nge7 8. Bd3 h6 9. 0-0 a6 10. a3 Bxc3 11. bxc3 b5 12. a4 b4 13. a5 bxc3 14. Ba3 Bd7 15. Qe2 Nxa5 16. Rfb1 Nc4 17. Bxc4 dxc4 18. Qxc4 Bb5 19. Qxc3 0-0 20. Qb4 Re8 21. Rc1 Nd5 22. Qd2 Rc8 23. Rc5 Rxc5 24. Bxc5 Qd7 25. Bd6 Rc8 26. Rc1 1/2-1/2

[Event "Piestany Slovakia op-B"]
[Site "Piestany"]
[Date "2022.07.11"]
[Round "1"]
[White "Benkovsky, Peter"]
[Black "Rakovsky, Jakub"]
[Result "0-1"]
[WhiteElo "1603"]
[BlackElo "2015"]
[PlyCount "50"]
[EventDate "2022.07.11"]
[EventType "swiss"]
[EventRounds "9"]
[EventCountry "SVK"]
[SourceTitle "CBM 209 Extra"]
[Source "ChessBase"]
[SourceDate "2022.09.30"]
[SourceVersion "1"]
[SourceVersionDate "2022.09.30"]
[SourceQuality "1"]

1. d4 f5 2. c4 Nf6 3. Nf3 d6 4. Nc3 g6 5. g3 Bg7 6. Bg2 0-0 7. 0-0 Nc6 8. b3 e5 9. d5 Ne7 10. Bb2 h6 11. Rb1 g5 12. e3 Ng6 13. Nd2 Qe7 14. Ne2 e4 15. h3 f4 16. Bxf6 Rxf6 17. Nxe4 f3 18. Nxf6+ Qxf6 19. Nd4 fxg2 20. Kxg2 c5 21. dxc6 bxc6 22. Qf3 Qxf3+ 23. Nxf3 Bf5 24. Rbd1 Be4 25. Rxd6 Ne5 0-1

[Event "SVK-chT3A2 2122"]
[Site "Slovakia"]
[Date "2022.04.03"]
[Round "5.8"]
[White "Benkovsky, Peter"]
[Black "Jancicka, Viliam"]
[Result "1/2-1/2"]
[WhiteElo "1621"]
[BlackElo "1510"]
[PlyCount "40"]
[EventDate "2021.10.10"]
[EventType "team-tourn"]
[EventRounds "11"]
[EventCountry "SVK"]
[SourceTitle "EXT 2024"]
[Source "ChessBase"]
[SourceDate "2023.10.10"]
[SourceVersion "1"]
[SourceVersionDate "2023.10.10"]
[SourceQuality "1"]
[WhiteTeam "Trnava Lokomotiva"]
[BlackTeam "Hlohovec"]
[WhiteTeamCountry "SVK"]
[BlackTeamCountry "SVK"]

1. d4 Nf6 2. c4 d5 3. Nc3 e6 4. e3 Bb4 5. Nf3 Nc6 6. Bd2 0-0 7. Qc2 g6 8. a3 Be7 9. Bd3 a6 10. 0-0 b6 11. cxd5 exd5 12. Rac1 Bb7 13. b4 b5 14. Ne2 Bd6 15. h3 Re8 16. Ng3 Rc8 17. Rfe1 Nb8 18. Bc3 Nbd7 19. Nd2 Nb6 20. f4 Nc4 1/2-1/2

[Event "SVK-chT3A2 2122"]
[Site "Slovakia"]
[Date "2022.03.20"]
[Round "11.8"]
[White "Benkovsky, Peter"]
[Black "Fitak, Denis"]
[Result "1/2-1/2"]
[WhiteElo "1621"]
[BlackElo "1000"]
[PlyCount "75"]
[EventDate "2021.10.10"]
[EventType "team-tourn"]
[EventRounds "11"]
[EventCountry "SVK"]
[SourceTitle "EXT 2024"]
[Source "ChessBase"]
[SourceDate "2023.10.10"]
[SourceVersion "1"]
[SourceVersionDate "2023.10.10"]
[SourceQuality "1"]
[WhiteTeam "Trnava Lokomotiva"]
[BlackTeam "Gbely Nafta"]
[WhiteTeamCountry "SVK"]
[BlackTeamCountry "SVK"]

1. d4 d5 2. c4 Nf6 3. Nc3 Bf5 4. Nf3 e6 5. e3 Bb4 6. Bd2 0-0 7. a3 Be7 8. Ne5 Nbd7 9. Nxd7 Qxd7 10. c5 Ne4 11. Be2 Bh4 12. Nxe4 Bxe4 13. 0-0 Rfe8 14. f3 Bg6 15. g3 Bf6 16. f4 Be4 17. Bf3 Bd3 18. Rf2 b6 19. Bb4 Bg6 20. Rc1 a5 21. Bc3 Rab8 22. Be2 Be7 23. a4 bxc5 24. Bxa5 Rxb2 25. dxc5 c6 26. Bb6 Ra2 27. Qb3 Rd2 28. Bf1 Rxf2 29. Kxf2 Rb8 30. a5 d4 31. Bd3 dxe3+ 32. Kxe3 e5 33. Bxg6 Qd4+ 34. Ke2 hxg6 35. Rd1 Qe4+ 36. Kf2 Bxc5+ 37. Kf1 Qh1+ 38. Ke2 1/2-1/2

[Event "SVK-chT3A2 1819"]
[Site "Slovakia"]
[Date "2018.12.09"]
[Round "5.2"]
[White "Zarecky, Eduard"]
[Black "Benkovsky, Peter"]
[Result "1/2-1/2"]
[WhiteElo "1839"]
[BlackElo "1672"]
[PlyCount "77"]
[EventDate "2018.10.07"]
[EventType "team-tourn"]
[EventRounds "11"]
[EventCountry "SVK"]
[SourceTitle "EXT 2020"]
[Source "ChessBase"]
[SourceDate "2019.10.17"]
[SourceVersion "1"]
[SourceVersionDate "2019.10.17"]
[SourceQuality "1"]
[WhiteTeam "Modranka Komplet"]
[BlackTeam "Trnava Lokomotiva III"]
[WhiteTeamCountry "SVK"]
[BlackTeamCountry "SVK"]

1. d4 d5 2. c4 e6 3. Nc3 c6 4. e3 Nf6 5. Nf3 Nbd7 6. a3 Bd6 7. Qc2 e5 8. cxd5 cxd5 9. dxe5 Nxe5 10. Nd4 a6 11. Qa4+ Bd7 12. Qb3 Bc6 13. Nxc6 bxc6 14. Be2 0-0 15. 0-0 Qc7 16. Qc2 Rfb8 17. b4 Neg4 18. Bxg4 Nxg4 19. h3 Ne5 20. Bd2 Nc4 21. Rfc1 Be5 22. Ra2 Rc8 23. Na4 Bd6 24. Qf5 Nxd2 25. Rxd2 g6 26. Qf3 Qb7 27. Rdc2 Rc7 28. Nc5 Bxc5 29. Rxc5 Rac8 30. Qe2 Qb6 31. Qc2 Qb7 32. Qa4 Qb6 33. h4 Kg7 34. f4 Re8 35. Kf2 Rec8 36. g3 h6 37. Qc2 Re7 38. Qc3+ f6 39. g4 1/2-1/2

[Event "SVK-chT3A2 1819"]
[Site "Slovakia"]
[Date "2018.10.21"]
[Round "2.4"]
[White "Benkovsky, Peter"]
[Black "Klanica, Anton"]
[Result "1/2-1/2"]
[WhiteElo "1672"]
[BlackElo "1772"]
[PlyCount "89"]
[EventDate "2018.10.07"]
[EventType "team-tourn"]
[EventRounds "11"]
[EventCountry "SVK"]
[SourceTitle "EXT 2020"]
[Source "ChessBase"]
[SourceDate "2019.10.17"]
[SourceVersion "1"]
[SourceVersionDate "2019.10.17"]
[SourceQuality "1"]
[WhiteTeam "Trnava Lokomotiva III"]
[BlackTeam "Trnava Lokomotiva II"]
[WhiteTeamCountry "SVK"]
[BlackTeamCountry "SVK"]

1. d4 Nf6 2. c4 e5 3. dxe5 Ng4 4. Nf3 Nc6 5. a3 Ngxe5 6. Nxe5 Nxe5 7. e3 Be7 8. Nc3 0-0 9. b3 d6 10. Nd5 Be6 11. Bb2 Bxd5 12. cxd5 Nd7 13. Bd3 Bf6 14. Bxf6 Nxf6 15. 0-0 Re8 16. Rc1 Re7 17. a4 Re5 18. Bc4 a6 19. Qc2 Rc8 20. Rfd1 h6 21. Rd4 Qe7 22. Rcd1 Re4 23. Rxe4 Qxe4 24. Qxe4 Nxe4 25. f3 Nf6 26. Kf2 Kf8 27. g4 Ke7 28. Rd4 Kd7 29. Bd3 Re8 30. h4 Re5 31. e4 Re8 32. Rb4 Kc8 33. Kg3 g5 34. h5 Nd7 35. Kf2 Nb6 36. a5 Nd7 37. Rd4 Rd8 38. b4 Kb8 39. Ke3 Ka7 40. Rc4 Kb8 41. Be2 Rc8 42. Rc3 f6 43. Kd4 Ka7 44. Ke3 Ne5 45. b5 1/2-1/2

[Event "SVK-chT4 A22 1617"]
[Site "Slovakia"]
[Date "2017.01.15"]
[Round "7.6"]
[White "Sarkozi, Szabolcs"]
[Black "Benkovsky, Peter"]
[Result "1/2-1/2"]
[WhiteElo "1620"]
[BlackElo "1651"]
[PlyCount "29"]
[EventDate "2016.10.09"]
[EventType "team-tourn"]
[EventRounds "11"]
[EventCountry "SVK"]
[SourceTitle "EXT 2020"]
[Source "ChessBase"]
[SourceDate "2019.10.17"]
[SourceVersion "1"]
[SourceVersionDate "2019.10.17"]
[SourceQuality "1"]

1. e4 e6 2. d4 d5 3. exd5 exd5 4. Nf3 Nc6 5. Nc3 Be6 6. Bf4 Bd6 7. Bg5 f6 8. Be3 Nge7 9. Qd2 Qd7 10. Be2 a6 11. a3 Nf5 12. 0-0-0 0-0-0 13. Rhe1 g5 14. h3 h5 15. Bd3 1/2-1/2

[Event "SVK-chT4 A22 1617"]
[Site "Slovakia"]
[Date "2016.12.04"]
[Round "5.5"]
[White "Galffy, Bence"]
[Black "Benkovsky, Peter"]
[Result "0-1"]
[WhiteElo "1296"]
[BlackElo "1651"]
[PlyCount "110"]
[EventDate "2016.10.09"]
[EventType "team-tourn"]
[EventRounds "11"]
[EventCountry "SVK"]
[SourceTitle "EXT 2020"]
[Source "ChessBase"]
[SourceDate "2019.10.17"]
[SourceVersion "1"]
[SourceVersionDate "2019.10.17"]
[SourceQuality "1"]

1. e4 e6 2. d4 d5 3. e5 c5 4. dxc5 Bxc5 5. Nf3 Nc6 6. Bb5 Bd7 7. 0-0 Nxe5 8. Nxe5 Bxb5 9. Re1 Nf6 10. Nc3 Bc6 11. Bg5 h6 12. Bf4 Qb6 13. Re2 Qxb2 14. Nxc6 bxc6 15. Na4 Qd4 16. c3 Qxd1+ 17. Rxd1 Be7 18. Rc2 0-0 19. h3 Rfd8 20. Be5 Nd7 21. Re1 Nxe5 22. Rxe5 Rab8 23. Nb2 Ba3 24. Nd3 Rb1+ 25. Re1 Rxe1+ 26. Nxe1 Rb8 27. Nd3 Kf8 28. Ne5 Rb1+ 29. Kh2 Bd6 30. f4 Bxe5 31. fxe5 Ke7 32. g4 f6 33. exf6+ Kxf6 34. Kg2 e5 35. h4 e4 36. Rf2+ Ke6 37. g5 Rb7 38. Kg3 Rf7 39. Rxf7 Kxf7 40. Kf4 hxg5+ 41. hxg5 g6 42. a4 Ke6 43. a5 a6 44. Kg4 Ke5 45. Kg3 c5 46. Kf2 d4 47. cxd4+ cxd4 48. Ke2 Kf4 49. Kf2 d3 50. Ke1 Kf3 51. Kf1 d2 52. Kg1 d1Q+ 53. Kh2 Qe2+ 54. Kh3 Qg2+ 55. Kh4 Qg4# 0-1

[Event "EU Amateur-ch"]
[Site "Ruzomberok"]
[Date "2016.06.07"]
[Round "2"]
[White "Benkovsky, Peter"]
[Black "Ostrochovsky, Anton"]
[Result "0-1"]
[WhiteElo "1677"]
[BlackElo "1985"]
[PlyCount "82"]
[EventDate "2016.06.06"]
[EventType "swiss"]
[EventRounds "9"]
[EventCountry "SVK"]
[SourceTitle "CBM 172 Extra"]
[Source "ChessBase"]
[SourceDate "2016.06.21"]
[SourceVersion "1"]
[SourceVersionDate "2016.06.21"]
[SourceQuality "1"]

1. d4 Nf6 2. c4 g6 3. Nc3 Bg7 4. e3 0-0 5. Bd3 d6 6. Nge2 c6 7. 0-0 Nbd7 8. e4 e5 9. d5 cxd5 10. cxd5 Nc5 11. Be3 Nxd3 12. Qxd3 Ng4 13. h3 Nxe3 14. Qxe3 h5 15. f4 Bh6 16. Kh2 Bd7 17. g3 Qe7 18. Rae1 b5 19. b4 Rfc8 20. Qd3 h4 21. gxh4 Qxh4 22. Qg3 Qxg3+ 23. Kxg3 Bxf4+ 24. Rxf4 exf4+ 25. Kxf4 Rc4 26. a3 Rac8 27. Nd1 Re8 28. Nec3 a6 29. Re3 Re5 30. Nf2 g5+ 31. Kf3 f5 32. Kg2 f4 33. Rf3 Kg7 34. Rd3 Re8 35. Rf3 Rec8 36. Ne2 Rc2 37. Kf1 Ra2 38. Rd3 Rcc2 39. Nd1 Rxe2 40. Nc3 Bxh3+ 41. Rxh3 Rh2 0-1

[Event "SVK-chT3A2 1516"]
[Site "Slovakia"]
[Date "2016.01.17"]
[Round "6"]
[White "Benkovsky, Peter"]
[Black "Brunovsky, Peter"]
[Result "0-1"]
[WhiteElo "1678"]
[BlackElo "1852"]
[PlyCount "47"]
[EventDate "2015.10.11"]
[EventType "team-tourn"]
[EventRounds "11"]
[EventCountry "SVK"]
[SourceTitle "EXT 2020"]
[Source "ChessBase"]
[SourceDate "2019.10.17"]
[SourceVersion "1"]
[SourceVersionDate "2019.10.17"]
[SourceQuality "1"]
[WhiteTeam "Trnava Lokomotiva III"]
[BlackTeam "Gbely Nafta"]
[WhiteTeamCountry "SVK"]
[BlackTeamCountry "SVK"]

1. d4 d5 2. c4 e6 3. Nf3 Nf6 4. Nc3 Be7 5. e3 0-0 6. Bd3 b6 7. 0-0 Bb7 8. Ne5 Nbd7 9. cxd5 exd5 10. Nxd7 Qxd7 11. b3 a6 12. a4 Bd6 13. h3 Qe7 14. Re1 Ne4 15. Nxe4 dxe4 16. Bc4 Kh8 17. Bd2 f5 18. Ra2 Qh4 19. Bf1 Rf6 20. Bc1 Rg6 21. Kh1 f4 22. exf4 e3 23. f3 Qxf4 24. Rxe3 0-1

[Event "SVK-chT4 A22 1415"]
[Site "Slovakia"]
[Date "2015.02.01"]
[Round "8.2"]
[White "Benkovsky, Peter"]
[Black "Hornak, Pavol"]
[Result "0-1"]
[WhiteElo "1720"]
[BlackElo "1766"]
[PlyCount "102"]
[EventDate "2014.10.12"]
[EventType "team-tourn"]
[EventRounds "11"]
[EventCountry "SVK"]
[SourceTitle "EXT 2019"]
[Source "ChessBase"]
[SourceDate "2018.10.10"]
[SourceVersion "1"]
[SourceVersionDate "2018.10.10"]
[SourceQuality "1"]

1. d4 Nf6 2. c4 g6 3. Nf3 Bg7 4. Nc3 0-0 5. g3 d5 6. cxd5 Nxd5 7. Bg2 c6 8. 0-0 Nxc3 9. bxc3 Na6 10. e3 Nc7 11. Nd2 e5 12. Rb1 Nb5 13. Bb2 exd4 14. cxd4 Re8 15. a4 Nd6 16. Ba3 Bf8 17. Bxd6 Bxd6 18. Nc4 Rb8 19. Qd2 Bc7 20. Rfc1 Be6 21. Qc3 Bd5 22. Bxd5 Qxd5 23. Qb4 Qd7 24. Na5 Bxa5 25. Qxa5 b6 26. Qa6 Rec8 27. Rc2 Rc7 28. Rbc1 Rbc8 29. Rc3 Qd5 30. R1c2 h5 31. h4 Kf8 32. Kh2 Ke7 33. Rc1 f5 34. Qc4 Qxc4 35. Rxc4 Kd6 36. Kg1 c5 37. Kf1 cxd4 38. Rxd4+ Ke6 39. Rcd1 Rc1 40. Ke2 Rxd1 41. Kxd1 Rc5 42. Kd2 Rd5 43. Kc3 Kd6 44. Kc4 Rxd4+ 45. exd4 a6 46. d5 b5+ 47. axb5 axb5+ 48. Kxb5 Kxd5 49. Kb4 Ke4 50. Kc4 Kf3 51. Kd4 Kxf2 0-1

[Event "Piestany op"]
[Site "Piestany"]
[Date "2014.11.17"]
[Round "4"]
[White "Mathon, Dimitrij"]
[Black "Benkovsky, Peter"]
[Result "1/2-1/2"]
[WhiteElo "1596"]
[BlackElo "1720"]
[PlyCount "38"]
[EventDate "2014.11.15"]
[EventType "swiss"]
[EventRounds "8"]
[EventCountry "SVK"]
[SourceTitle "EXT 2023"]
[Source "ChessBase"]
[SourceDate "2022.10.05"]
[SourceVersion "1"]
[SourceVersionDate "2022.10.05"]
[SourceQuality "1"]

1. d4 d5 2. Nf3 Nf6 3. Bf4 e6 4. e3 Bd6 5. c3 Bxf4 6. exf4 Nc6 7. Bd3 0-0 8. 0-0 Ne7 9. b4 h5 10. Qc2 Nf5 11. Nbd2 Nd6 12. a4 b6 13. a5 b5 14. Ne5 a6 15. Nb3 Nd7 16. Rae1 Nxe5 17. fxe5 Nf5 18. Nd2 g6 19. Nf3 Kg7 1/2-1/2